000
00301nam a22001337a 4500
008
171103b xxu||||| |||| 00| 0 eng d
020
_a
0881731560
041
_a
eng
080
_a
339.138
100
_a
60
101
_a
MAR
245
_a
UTILITY MARKETING STRATEGIES
_c
GELLINGS,C.W
942
_2
udc
_c
BK
999
_c
37437
_d
37437